[Event "Voronezh op-B 23rd"]
[Site "Voronezh"]
[Date "2019.06.20"]
[Round "9"]
[White "Ismailov, Samir"]
[Black "Fadin, Evgeny"]
[Result "1/2-1/2"]
[WhiteElo "1681"]
[BlackElo "2020"]
[PlyCount "80"]
[EventDate "2019.06.12"]
[EventType "swiss"]
[EventRounds "9"]
[EventCountry "RUS"]
[SourceTitle "EXT 2020"]
[Source "ChessBase"]
[SourceDate "2019.10.17"]
[SourceVersion "1"]
[SourceVersionDate "2019.10.17"]
[SourceQuality "1"]

1. d4 Nf6 2. Nf3 e6 3. c4 b6 4. Bg5 Be7 5. Bxf6 Bxf6 6. e4 d6 7. Nc3 0-0 8. Bd3 Nd7 9. 0-0 e5 10. d5 a5 11. a3 g6 12. b4 axb4 13. axb4 Bb7 14. Qc2 Be7 15. Ra4 Nf6 16. Rfa1 Qd7 17. c5 dxc5 18. Nxe5 Qd6 19. Nc4 Qf4 20. Ne2 Qh4 21. Rxa8 Rxa8 22. Rxa8+ Bxa8 23. Ng3 Bb7 24. b5 Qg4 25. Qe2 Qxe2 26. Nxe2 Nd7 27. f3 f6 28. Kf2 Ne5 29. Nxe5 fxe5 30. Bc4 Kg7 31. g3 Bd6 32. Ke3 Bc8 33. f4 Kf6 34. Ng1 Bg4 35. Nf3 Bxf3 36. Kxf3 Bf8 37. h4 Bd6 38. Kg4 Be7 39. Kf3 Bd6 40. Kg4 Be7 1/2-1/2